000 00258nam a22001217a 4500
082 _a617.63 ,O14G
100 _aGHOM,ANIL GOVIND RAO
245 _aBASIC ORAL RADIOLOGY
250 _a1ST
260 _aDELHI
_bJAPEE
_c2014
300 _a208
942 _2ddc
_cBK
_01
999 _c9804
_d9804